The Association of commonwealth universities (Record no. 35190)
[ view plain ]
| 000 -LEADER | |
|---|---|
| fixed length control field | 00825nam a2200181 a 4500 |
| 008 - FIXED-LENGTH DATA ELEMENTS--GENERAL INFORMATION | |
| fixed length control field | 150119s2013 ||||||||||||||||| || u |
| 050 ## - LIBRARY OF CONGRESS CALL NUMBER | |
| Classification number | ACU(02)2013/3 |
| 100 ## - MAIN ENTRY--PERSONAL NAME | |
| Personal name | Ajai-Ajagbe, Patrice |
| 245 14 - TITLE STATEMENT | |
| Title | The Association of commonwealth universities |
| Statement of responsibility, etc. | by John Kirkland and Ajai-Ajagbe |
| 246 ## - VARYING FORM OF TITLE | |
| Title proper/short title | Research management in African universities: from awareness raising to develoing structures |
| 260 ## - PUBLICATION, DISTRIBUTION, ETC. | |
| Place of publication, distribution, etc. | London: |
| Name of publisher, distributor, etc. | Association of Commonwealth Universities (ACU) |
| Date of publication, distribution, etc. | 2013 |
| 300 ## - PHYSICAL DESCRIPTION | |
| Extent | 15p.: ill. |
| 650 ## - SUBJECT ADDED ENTRY--TOPICAL TERM | |
| Topical term or geographic name entry element | COMMONWEALTH UNIVERSITIES--RESEARCH--MANAGEMENT |
| 650 ## - SUBJECT ADDED ENTRY--TOPICAL TERM | |
| Topical term or geographic name entry element | MANAGEMENT INFORMATION SYSTEMS |
| 650 ## - SUBJECT ADDED ENTRY--TOPICAL TERM | |
| Topical term or geographic name entry element | RESEARCH AND DEVELOPMENT--PERIODICALS |
| 700 ## - ADDED ENTRY--PERSONAL NAME | |
| Personal name | Kirkland, John |
| 995 ## - RECOMMENDATION 995 [LOCAL, UNIMARC FRANCE] | |
| -- | CBU-MAIN LIBRARY (Kitwe) |
| -- | 1 |
| -- | AVAILABLE |
| -- | Jan 28, 2015 |
| -- | International Publications |
| Withdrawn status | Lost status | Source of classification or shelving scheme | Damaged status | Not for loan | Home library | Current library | Shelving location | Date acquired | Total Checkouts | Full call number | Barcode | Date last seen | Price effective from | Koha item type |
|---|---|---|---|---|---|---|---|---|---|---|---|---|---|---|
| CBU-MAIN LIBRARY, KITWE. | CBU-MAIN LIBRARY, KITWE. | 11/30/2022 | ACU(02)2013/3 | B1803 | 11/30/2022 | 11/30/2022 | MONOGRAPH |